EÚ bude pomoc novým členom dávkovať iba postupne

Slovensko a ďalšie kandidátske krajiny nebudú hneď po vstupe dostávať prostriedky, ktoré by im ako členom podľa terajších pravidiel prináležali. Príjmy týchto krajín sa budú zvyšovať postupne a tomu budú zodpovedať príspevky týchto krajín do rozpočtu únie. Otázka priamych platieb novým krajinám a to...

Descrizione completa

Salvato in:
Dettagli Bibliografici
Autore principale: Hajšel, Robert
Natura: Capitolo di libro
Lingua:slovacco
Soggetti:
Tags: Aggiungi Tag
Nessun Tag, puoi essere il primo ad aggiungerne!!

MARC

LEADER 00000naa a2200000 4500
001 r044017
005 20230921113239.7
041 0 |a slo 
044 |a SK 
245 1 0 |a EÚ bude pomoc novým členom dávkovať iba postupne  |c Robert Hajšel 
520 |a Slovensko a ďalšie kandidátske krajiny nebudú hneď po vstupe dostávať prostriedky, ktoré by im ako členom podľa terajších pravidiel prináležali. Príjmy týchto krajín sa budú zvyšovať postupne a tomu budú zodpovedať príspevky týchto krajín do rozpočtu únie. Otázka priamych platieb novým krajinám a to zvlášť v oblasti poľnohospodárstva. 
610 2 0 |a integrácia ekonomická medzinárodná 
610 2 0 |a Európska únia 
610 2 0 |a pomoc finančná 
610 2 0 |a pomoc rozvojová 
610 2 0 |a poľnohospodárstvo 
610 2 0 |a Slovensko 
100 1 |a Hajšel, Robert